Justinian and his age / (Record no. 25420)
[ view plain ]
| 000 -LEADER | |
|---|---|
| fixed length control field | 00912nam a2200277 i 4500 |
| 001 - CONTROL NUMBER | |
| control field | 25420 |
| 003 - CONTROL NUMBER IDENTIFIER | |
| rucl marc code | BD-RjUL |
| 005 - DATE AND TIME OF LATEST TRANSACTION | |
| control field | 20211209050857.0 |
| 008 - FIXED-LENGTH DATA ELEMENTS--GENERAL INFORMATION | |
| fixed length control field | 140318r19791951ctuaf 001 0 eng |
| 020 ## - INTERNATIONAL STANDARD BOOK NUMBER | |
| International Standard Book Number | 0313209162 |
| 035 ## - SYSTEM CONTROL NUMBER | |
| System control number | (BD-RjUL)25490 |
| 040 ## - CATALOGING SOURCE | |
| Original cataloging agency | DLC |
| Transcribing agency | DLC |
| Modifying agency | DLC |
| -- | BD-RjUL |
| Language of cataloging | eng |
| 041 ## - LANGUAGE CODE | |
| Language code of text/sound track or separate title | eng |
| 082 00 - DEWEY DECIMAL CLASSIFICATION NUMBER | |
| Classification number | 949.5010924 |
| Author mark and year | URJ 1979 |
| 100 1# - MAIN ENTRY--PERSONAL NAME | |
| Personal name | Ure, P. N. |
| Fuller form of name | (Percy Neville), |
| Dates associated with a name | 1879-1950. |
| 9 (RLIN) | 78166 |
| 245 10 - TITLE STATEMENT | |
| Title | Justinian and his age / |
| Statement of responsibility, etc. | P. N. Ure. |
| 260 ## - PUBLICATION, DISTRIBUTION, ETC. (IMPRINT) | |
| Place of publication, distribution, etc. | Westport, Conn. : |
| Name of publisher, distributor, etc. | Greenwood Press, |
| Date of publication, distribution, etc. | 1979. |
| 300 ## - PHYSICAL DESCRIPTION | |
| Pagination | 262 p., [9] leaves of plates : |
| Illustrations | ill. ; |
| Size | 22 cm. |
| 500 ## - GENERAL NOTE | |
| General note | Reprint of the 1951 ed. published by Penguin Books, Harmondsworth, Eng. |
| General note | Includes index. |
| 600 00 - SUBJECT ADDED ENTRY--PERSONAL NAME | |
| Personal name | Justinian |
| Titles and other words associated with a name | Emperor of the East, |
| Dates associated with a name | 483?-565. |
| 651 #0 - SUBJECT ADDED ENTRY--GEOGRAPHIC NAME | |
| Geographic name | Byzantine Empire |
| General subdivision | History |
| Chronological subdivision | Justinian I, 527-565. |
| 9 (RLIN) | 78168 |
| 942 ## - ADDED ENTRY ELEMENTS (KOHA) | |
| Source of classification or shelving scheme | Dewey Decimal Classification |
| Koha item type | Books |
| Lost status | Source of classification or shelving scheme | Damaged status | Not for loan | Collection code | Permanent Location | Current Location | Shelving location | Date acquired | Source of acquisition | Cost, normal purchase price | Total Checkouts | Full call number | Date last seen | Copy number | Koha item type |
|---|---|---|---|---|---|---|---|---|---|---|---|---|---|---|---|
| Dewey Decimal Classification | Added to bundle | Non-fiction | Central Library, University of Rajshahi | Central Library, University of Rajshahi | Reading Room | 25/05/1983 | Heffers | 19.50 | 949.5010924 URJ 1979 | 18/03/2014 | C-1 | Books |